000 00557pab a2200205 454500
008 180718b2007 xxu||||| |||| 00| 0 eng d
100 _aAmiti, Mary
245 _aTrade liberalization, intermediate inputs, and productivity: evidence from Indonesia
260 _c2007
300 _ap.1611-638.
362 _aDec
650 _aTrade - Indonesia
650 _aProductivity - Indonesia
650 _aLiberalization - Indonesia
650 _aTrade
700 _aKonings, Jozef
773 _aAmerican Economic Review
908 _aN
909 _a77060
999 _c77060
_d77060